Kumbh Aastha Ka Prateek/Sanjay Chaturvedi (Record no. 27941)

MARC details
000 -LEADER
fixed length control field 00517nam a22001697a 4500
005 - DATE AND TIME OF LATEST TRANSACTION
control field 20250703120737.0
008 - FIXED-LENGTH DATA ELEMENTS--GENERAL INFORMATION
fixed length control field 250703b |||||||| |||| 00| 0 eng d
020 ## - INTERNATIONAL STANDARD BOOK NUMBER
ISBN 978-93-82901-7
041 ## - LANGUAGE CODE
Language code of text/sound track or separate title eng
082 ## - DEWEY DECIMAL CLASSIFICATION NUMBER
Classification number 294.5360954
Item number CHAK
100 ## - MAIN ENTRY--AUTHOR NAME
Personal name Chaturvedi, Sanjay
245 ## - TITLE STATEMENT
Title Kumbh Aastha Ka Prateek/Sanjay Chaturvedi
260 ## - PUBLICATION, DISTRIBUTION, ETC. (IMPRINT)
Place of publication Delhi:
Name of publisher Gyan Ganga,
Year of publication 2019
300 ## - PHYSICAL DESCRIPTION
Number of Pages 182p.
880 ## - ALTERNATE GRAPHIC REPRESENTATION
Linkage 245
Title कुंभ आस्था का प्रतीक/संजय चतुर्वेदी
942 ## - ADDED ENTRY ELEMENTS (KOHA)
Koha item type Books
Holdings
Withdrawn status Lost status Damaged status Not for loan Permanent Location Current Location Date acquired Cost, normal purchase price Full call number Accession Number Koha item type
        Central Library, CMP Central Library, CMP 03/07/2025 400.00 294.5360954 CHAK 86671 Books

Implemented and Maintained by Dr. Punit Kumar Singh

For any Suggestions/Queries, contact the library or email us at: library.cmpdc@gmail.com OR library@cmpcollege.ac.in

Website/OPAC is best viewed in Mozilla Browser at a resolution of 1366x768.